Chicago Sport Team Quiz - Statistics

General Stats
  • This quiz has been taken 51 times
    42 since last reset
  • The average score is 6 of 7
Answer Stats
Description Answer % Correct
NHL Chicago Black Hawks
100%
NBA Chicago Bulls
100%
NFL Bears
96%
MLB Chicago Cubs
96%
MLB Chicago White sox
92%
WNBA Chicago Sky
64%
MLS Chicago Fire
56%
No matching quizzes found
Score Distribution
Percent of People with Each Score
Percentile by Number Answered
Your Score History
You have not taken this quiz since the last reset